Statystyki dla Piłkarze Brighton

Kliknij tutaj aby rozwiązać quiz!

Ogólne statystyki

  • Ten quiz został rozwiązany 28 razy
  • Średni wynik to 19 z 27

Statystyki odpowiedzi

PiłkarzNarodowośćPozycja% Poprawnych
Lewis DunkAngliaObrońca
100%
Jakub ModerPolskaPomocnik
93%
João PedroBrazyliaNapastnik
93%
Evan FergussonIrlandiaNapastnik
86%
Kaoru MitomaJaponiaNapastnik
86%
Simon AdingraWKSNapastnik
86%
Bart VerbruggenHolandiaBramkarz
79%
Billy GilmourSzkocjaPomocnik
79%
James MilnerAngliaPomocnik
79%
Julio EncisoParagwajNapastnik
79%
Pervis EstupiñánEkwadorObrońca
79%
Adam LallanaAngliaPomocnik
71%
Ansu FatiHiszpaniaNapastnik
71%
Danny WelbeckAngliaNapastnik
71%
IgorBrazyliaObrońca
71%
Jason SteeleAngliaBramkarz
71%
Carlos BalebaKamerunPomocnik
64%
Joël VeltmanHolandiaObrońca
64%
Pascal GroßNiemcyPomocnik
64%
Tariq LampteyGhanaObrońca
64%
Adam WebsterAngliaObrońca
57%
Facundo BuonanotteArgentynaPomocnik
57%
Jan Paul van HeckeHolandiaObrońca
50%
Solly MarchAngliaNapastnik
43%
Jack HinshelwoodAngliaPomocnik
36%
Tom McGillKanadaBramkarz
36%
Valentín BarcoArgentynaObrońca
36%

Rozkład punktacji

Percentyl według liczby udzielonych odpowiedzi

Procent ludzi z każdym wynikiem

Twoja historia wyników

Nie rozwiązałeś tego quizu